Les prénoms les plus attribués dans les années 1940 - Statistiques

Statistiques générales
  • Ce quiz a été pris 1 222 fois
    1 212 depuis la dernière actualisation
  • Le résultat moyen est 60 sur 100
Statistiques - réponses
Rang Prénom % Correct
1 Jean
99%
2 Marie
96%
56 Paul
94%
3 Michel
92%
14 Pierre
91%
39 François
90%
11 Jacques
88%
58 Louis
88%
69 Marc
86%
5 Bernard
83%
12 Françoise
83%
68 Jeanne
83%
9 Claude
82%
41 Henri
81%
15 Christian
80%
29 Georges
80%
13 André
79%
31 Anne
79%
59 Philippe
78%
22 René
77%
23 Robert
77%
99 Charles
76%
32 Yves
76%
33 Marcel
75%
8 Alain
74%
7 Gérard
74%
4 Daniel
73%
34 Michelle
72%
16 Jacqueline
71%
67 Paulette
71%
47 Yvette
71%
17 Christiane
70%
84 Lucien
70%
6 Monique
70%
65 Andrée
68%
19 Annie
68%
83 Catherine
68%
25 Jean-Pierre
68%
26 Roger
68%
53 Dominique
67%
20 Michèle
67%
10 Nicole
66%
52 Raymond
66%
75 Renée
66%
42 Maurice
65%
94 Albert
64%
38 Claudine
64%
62 Patrick
64%
18 Danielle
63%
48 Denise
63%
61 Simone
63%
55 Joseph
62%
100 Marcelle
62%
45 Martine
62%
50 Bernadette
61%
21 Guy
61%
35 Jeannine
58%
95 Raymonde
56%
36 Serge
56%
60 Thérèse
56%
76 Hélène
54%
30 Colette
52%
54 Francis
52%
71 Madeleine
52%
28 Josette
51%
97 Odette
51%
27 Chantal
50%
98 Gilles
50%
24 Jean-Claude
50%
87 Jean-Paul
50%
91 Brigitte
49%
79 Suzanne
49%
72 Micheline
47%
66 Ginette
46%
40 Josiane
46%
43 Gilbert
45%
85 Elisabeth
44%
49 Geneviève
44%
89 Pierrette
42%
64 Gisèle
41%
37 Annick
40%
86 Odile
40%
63 Roland
38%
51 Mireille
37%
82 Francine
36%
44 Liliane
36%
46 Danièle
35%
81 Evelyne
35%
88 Huguette
35%
96 Claudette
34%
70 Joël
32%
57 Eliane
30%
74 Jocelyne
30%
93 Jean-Marie
29%
78 Anne-Marie
22%
77 Marie-Thérèse
22%
92 Janine
21%
73 Arlette
18%
80 Maryse
18%
90 Jacky
12%
Aucun quiz correspondant
Distribution des résultats
% des personnes avec chaque résultat
Percentile par nombre de réponses
Votre historique - résultats
Vous n’avez pas pris ce quiz depuis la dernière actualisation